|
|
|
|
| LEADER |
00000cam a2200000 a 4500 |
| 001 |
vtls001323503 |
| 003 |
SK-MaSNL |
| 005 |
20260301200251.0 |
| 008 |
251124s1997 gw e fr 00000 ger |
| 020 |
|
|
|a 3487095858
|
| 035 |
|
|
|a SNK000276198
|
| 040 |
|
|
|a SNK
|b slo
|c SNK
|e AACR2
|
| 041 |
0 |
|
|a ger
|
| 043 |
|
|
|a e-gx---
|
| 044 |
|
|
|a gw
|c DE
|
| 080 |
|
|
|a 027.1(430):09
|2 2001
|
| 245 |
0 |
0 |
|a Handbuch der historischen Buchbestände in Deutschland
|n Band 11
|p Bayern - A-H
|c herausgegeben von Eberhard Dünninger ; bearbeitet von Irmela Holtmeier ; unter Mitarbeit von Birgit Schaefer
|
| 246 |
3 |
0 |
|a Bayern - A-H
|
| 260 |
|
|
|a Hildesheim
|b Olms-Weidmann
|c 1997
|
| 300 |
|
|
|a 367 s.
|c 29 cm
|
| 650 |
0 |
7 |
|a historické knižné fondy
|2 SNKPH
|9 71548
|
| 651 |
|
7 |
|a Nemecko
|2 SNKPHgeo
|9 21020
|
| 700 |
1 |
|
|a Dünninger, Eberhard
|4 com
|9 579216
|
| 700 |
1 |
|
|a Holtmeier, Irmela
|4 com
|9 579217
|
| 700 |
1 |
|
|a Schaefer, Birgir
|4 com
|9 579218
|
| 852 |
|
|
|a Štátna vedecká knižnica v Banskej Bystrici
|
| 919 |
|
|
|a 3-487-09585-8
|
| 999 |
|
|
|c 889746
|d 891676
|
| 952 |
|
|
|t P60, <04>, [BOOK], {604}
|a SNK
|b SNK
|y VYP
|7 0
|p 17A0128642
|o snkIB 69210/11
|i snkV 190/98
|0 0
|1 0
|4 0
|d 1998-03-16
|l 0
|r 2005-01-02 00:00:00
|w 2026-02-24
|